000 00756nam a2200229 i 4500
001 bgj
100 1 _aKINGSBURY, Roy
245 1 0 _aLongman practice exams for the Cambridge Certificate in Advanced English /
_cRoy Kingsbury, Felicity O'Dell, Guy Wellman.
260 _aHarlow, Essex :
_bLongman,
_c1992.
300 _a100 pp :
_bill. ;
_c26 cm.
650 9 _aEnglish language
_xExaminations, questions, etc.
650 9 _aEnglish langugage
_xPractice tests
650 9 _aCAE
_xCAE practice tests
_xCAE examinations
700 1 _aO'DELL, Felicity.
_eco-author
700 1 _aWELLMAN, Guy.
_eco-author
020 _a0582018099
040 _cBPK
041 0 _aeng
920 _a0-582-01809-9
942 _cKS
008 s uk f |000 0 eng
999 _c48411
_d48411